Entry Personal Name
Number of records used in: 1
001 - CONTROL NUMBER
003 - CONTROL NUMBER IDENTIFIER
005 - DATE AND TIME OF LATEST TRANSACTION
- control field:
20220919152459.0
008 - FIXED-LENGTH DATA ELEMENTS
- fixed length control field:
800520n| acannaabn |n aaa
010 ## - LIBRARY OF CONGRESS CONTROL NUMBER
- LC control number:
n 79092581
040 ## - CATALOGING SOURCE
- Original cataloging agency:
DLC
- Language of cataloging:
eng
- Transcribing agency:
DLC
- Modifying agency:
DLC
100 1# - HEADING--PERSONAL NAME
- Personal name:
Carson, Robert C.,
- Dates associated with a name:
1930-2006
670 ## - SOURCE DATA FOUND
- Source citation:
Author's Interaction concepts of personality, 1969.
670 ## - SOURCE DATA FOUND
- Source citation:
APA PsycNET WWW site, May 24, 2011
- Information found:
(Robert Charles Carson (1930-2006))
670 ## - SOURCE DATA FOUND
- Source citation:
SSDI, May 24, 2011
- Information found:
(Carson, Robert C.; b. Jan. 6, 1930; d. Sept. 23, 2006, aged 76; last address of record: Durham, NC)
678 ## - BIOGRAPHICAL OR HISTORICAL DATA
- Biographical or historical data:
prof. of psychology and head of the Div. of Med. Psychology, Duke Univ.